00855nam a22001575i 4500001000700000003000900007005001700016008004100033040002000074100004200094245011100136260010500247300002100352500009200373852023200465160557ES-MaACL20250719063319.0041007s1871 sp |||| | spa d aCAM bspa cCAM1 aNavarro Gonzalvo, Eduardo,d1846-190210aBuscando una suripanta b: juguete cómico en un acto y en verso /coriginal de Eduardo Navarro Gonzalvo. aMadrid : bLibrería de los señores viuda é hijos de J. Cuesta, c1871 (fImprenta económica) a31 p. ; c19 cm. aEn port.: Estrenado en Madrid en el Teatro Martin en la noche del 4 de febrero de 1871. aES-MaACLjF-8578(13) z-- Enc. pasta española z-- Ex-libris ms. de Gustavo Saenz Diez, 1877 q-- Falto de la cub. original z-- Enc. en un vol. facticio formando parte de la col. faciticia "Teatro español moderno", vol. 31